[Event "First Saturday 2010 februar GM"]
[Site "?"]
[Date "2010.02.10"]
[Round "5"]
[White "Paschall, William M"]
[Black "Varga, Zoltan"]
[Result "1/2-1/2"]
[WhiteElo "2398"]
[BlackElo "2485"]
[PlyCount "43"]
[EventDate "2010.02.06"]

1. c4 c6 2. e4 d5 3. exd5 cxd5 4. d4 Nf6 5. Nc3 Nc6 6. Bg5 Be6 7. g3 g6 8. Bxf6
exf6 9. cxd5 Bxd5 10. Qe2+ Ne7 11. Nf3 a6 12. Qe3 Be6 13. Bd3 Bg7 14. O-O O-O
15. Rfe1 Re8 16. Be4 Nf5 17. Qd2 Nd6 18. Bd3 Rc8 19. Rac1 Nc4 20. Bxc4 Bxc4 21.
Rxe8+ Qxe8 22. b3 1/2-1/2

[Event "First Saturday 2010 februar GM"]
[Site "?"]
[Date "2010.02.10"]
[Round "5"]
[White "Boros, Denes"]
[Black "Padmini, Rout"]
[Result "1-0"]
[WhiteElo "2494"]
[BlackElo "2294"]
[PlyCount "67"]
[EventDate "2010.02.06"]

1. e4 c5 2. Nf3 d6 3. d4 cxd4 4. Nxd4 Nf6 5. Nc3 a6 6. Bg5 e6 7. Qf3 Be7 8.
O-O-O Qc7 9. Qg3 O-O 10. f4 Nbd7 11. Re1 Kh8 12. Kb1 b5 13. Bd3 Nc5 14. Re3 Ng8
15. Bxe7 Qxe7 16. Rf1 b4 17. Nce2 Bb7 18. f5 Rae8 19. e5 dxe5 20. Rxe5 Nxd3 21.
Qxd3 Qf6 22. Qe3 Rd8 23. g4 exf5 24. Rexf5 Qg6 25. Re5 Nf6 26. h3 Nd5 27. Qg3
Rfe8 28. Nf5 Qf6 29. Rxe8+ Rxe8 30. Nc1 Ne7 31. Re1 g6 32. Rxe7 Qxe7 33. Nxe7
Rxe7 34. Qd6 1-0

[Event "First Saturday 2010 februar GM"]
[Site "?"]
[Date "2010.02.10"]
[Round "5"]
[White "Farago, Ivan"]
[Black "Pap, Gyula"]
[Result "0-1"]
[WhiteElo "2512"]
[BlackElo "2478"]
[PlyCount "70"]
[EventDate "2010.02.06"]

1. d4 Nf6 2. c4 e6 3. Nf3 d5 4. Nc3 Bb4 5. Bg5 Nbd7 6. cxd5 exd5 7. Qa4 c5 8.
dxc5 Bxc3+ 9. bxc3 O-O 10. Qb4 h6 11. Bxf6 Qxf6 12. e3 Qe7 13. Rd1 Nxc5 14.
Rxd5 b6 15. Be2 Be6 16. Rd2 Rad8 17. O-O Rxd2 18. Nxd2 Qd7 19. c4 Qa4 20. Qxa4
Nxa4 21. Rc1 Rc8 22. Nb3 Kf8 23. f3 Ke7 24. Kf2 b5 25. cxb5 Rxc1 26. Nxc1 Nc3
27. e4 Kd6 28. Ke3 Kc5 29. Nb3+ Kb6 30. Nd4 Bxa2 31. Bf1 g6 32. Kd2 Na4 33. Be2
Kc5 34. Ke3 Nc3 35. Bf1 Nd1+ 0-1

[Event "First Saturday 2010 februar GM"]
[Site "?"]
[Date "2010.02.11"]
[Round "6"]
[White "Pap, Gyula"]
[Black "Sahu, Sekhar Chandra"]
[Result "1-0"]
[WhiteElo "2478"]
[BlackElo "2258"]
[PlyCount "137"]
[EventDate "2010.02.06"]

1. d4 Nf6 2. Nf3 b5 3. c3 e6 4. Bg5 d5 5. Qb3 Bd7 6. Nbd2 Be7 7. Ne5 Nc6 8. Nd3
b4 9. Bxf6 bxc3 10. Qxc3 Bxf6 11. e3 O-O 12. Be2 Qb8 13. O-O Rc8 14. Nc5 Be8
15. Ba6 e5 16. Nf3 exd4 17. exd4 Rd8 18. Bb7 a5 19. Bxa8 Qxa8 20. Rfe1 Ne7 21.
a4 Nf5 22. Ne5 g6 23. Ra3 Rb8 24. Rb3 Rxb3 25. Nxb3 Bxa4 26. Nxa5 Nxd4 27. Qxd4
Qxa5 28. Ra1 c5 29. Qxd5 Bb3 30. Rxa5 Bxd5 31. Rxc5 Bxe5 32. Rxd5 Bxb2 33. Kf1
h5 34. Ke2 Kg7 35. Rd7 Be5 36. Kf3 Kf6 37. Rb7 Ke6 38. Rb6+ Kf5 39. h3 Bd4 40.
Ra6 Ke5 41. Ra4 Bb6 42. Re4+ Kf5 43. Rb4 Bd8 44. Rb7 Ke6 45. Ke4 f5+ 46. Kd4 g5
47. f3 h4 48. Rb4 Bc7 49. Kc4 Bd6 50. Ra4 Bh2 51. Kb5 Bg3 52. Kc6 Ke5 53. Rb4
Ke6 54. Rb3 Be5 55. Rb5 Bd4 56. Kc7 Bf6 57. Rb6+ Ke7 58. Ra6 Bd4 59. Kc8 Bf6
60. Rb6 Bd4 61. Rb5 Ke6 62. Kd8 Be5 63. Ke8 Bd6 64. Ra5 Bb4 65. Ra6+ Bd6 66.
Rb6 Ke5 67. Kf7 g4 68. Rxd6 gxh3 69. gxh3 1-0

[Event "First Saturday 2010 februar GM"]
[Site "?"]
[Date "2010.02.11"]
[Round "6"]
[White "Padmini, Rout"]
[Black "Farago, Ivan"]
[Result "0-1"]
[WhiteElo "2294"]
[BlackElo "2512"]
[PlyCount "66"]
[EventDate "2010.02.06"]

1. e4 e6 2. d4 d5 3. Nc3 Bb4 4. e5 c5 5. a3 Bxc3+ 6. bxc3 Qa5 7. Bd2 Qa4 8. Qb1
c4 9. h4 Nc6 10. h5 h6 11. f4 Nge7 12. Nf3 Bd7 13. g4 O-O-O 14. Bh3 Rdf8 15.
Bf1 f6 16. Be2 Be8 17. Nh4 fxe5 18. fxe5 Qa5 19. Qb2 g6 20. hxg6 Nxg6 21. Ng2
Rh7 22. Be3 Ngxe5 23. O-O-O Nd7 24. Nf4 Nb6 25. Nxe6 Na4 26. Qa1 Nxc3 27. Kd2
Nxd1+ 28. Kxd1 Rf6 29. Nc5 Qc7 30. Kd2 Re7 31. Rxh6 Rxh6 32. Bxh6 Rxe2+ 33.
Kxe2 Qh2+ 0-1

[Event "First Saturday 2010 februar GM"]
[Site "?"]
[Date "2010.02.11"]
[Round "6"]
[White "Varga, Zoltan"]
[Black "Boros, Denes"]
[Result "1/2-1/2"]
[WhiteElo "2485"]
[BlackElo "2494"]
[PlyCount "39"]
[EventDate "2010.02.06"]

1. e4 e6 2. d4 d5 3. Nd2 Nf6 4. e5 Nfd7 5. Bd3 c5 6. c3 Nc6 7. Ne2 cxd4 8. cxd4
Nb6 9. O-O Bd7 10. Nf3 Nb4 11. Bb1 Bb5 12. Re1 Bxe2 13. Rxe2 Be7 14. a3 Nc6 15.
Bd3 Rc8 16. Rc2 O-O 17. Be3 Qd7 18. Rac1 f5 19. Qe2 a6 20. h3 1/2-1/2

[Event "First Saturday 2010 februar GM"]
[Site "?"]
[Date "2010.02.11"]
[Round "6"]
[White "Sharma, Dinesh K"]
[Black "Paschall, William M"]
[Result "1-0"]
[WhiteElo "2344"]
[BlackElo "2398"]
[PlyCount "41"]
[EventDate "2010.02.06"]

1. e4 c5 2. Nf3 d6 3. d4 cxd4 4. Nxd4 Nf6 5. Nc3 Nc6 6. Bg5 Bd7 7. Qd2 Rc8 8.
f4 Nxd4 9. Qxd4 Qa5 10. e5 dxe5 11. fxe5 e6 12. O-O-O Bc6 13. Nb5 Bxb5 14. exf6
Bc6 15. h4 g6 16. Bc4 Bc5 17. Qe5 Bb6 18. Qxa5 Bxa5 19. h5 O-O 20. hxg6 hxg6
21. Rh6 1-0

[Event "First Saturday 2010 februar GM"]
[Site "?"]
[Date "2010.02.11"]
[Round "6"]
[White "Ilincic, Zlatko"]
[Black "Platzgummer, Fabian"]
[Result "1/2-1/2"]
[WhiteElo "2464"]
[BlackElo "2401"]
[PlyCount "86"]
[EventDate "2010.02.06"]

1. d4 d5 2. c4 c6 3. Nf3 Nf6 4. e3 Bf5 5. Bd3 Bxd3 6. Qxd3 e6 7. O-O Nbd7 8.
Nc3 Bb4 9. Bd2 Be7 10. b4 O-O 11. Rab1 a6 12. a4 Nb6 13. c5 Nc4 14. a5 Qc7 15.
Bc1 Ne8 16. e4 f5 17. exd5 exd5 18. Re1 g6 19. Bh6 Ng7 20. Ne2 Bf6 21. Bf4 Qd7
22. Ne5 Bxe5 23. dxe5 Rae8 24. Nd4 Ne6 25. Bh6 Rf7 26. f4 Nxd4 27. Qxd4 Na3 28.
Rb2 Nb5 29. Qd3 Nc7 30. Rf2 Ne6 31. Rf3 d4 32. Qc4 Rd8 33. Rd3 Qd5 34. Qxd5
Rxd5 35. Kf2 Rfd7 36. Kf3 Rf7 37. h4 Rfd7 38. g4 Kf7 39. h5 Rd8 40. Rh1 Re8 41.
Rh2 Re7 42. Rh1 Re8 43. Rh2 Re7 1/2-1/2

[Event "First Saturday 2010 februar GM"]
[Site "?"]
[Date "2010.02.12"]
[Round "7"]
[White "Platzgummer, Fabian"]
[Black "Quinn, Mark"]
[Result "1-0"]
[WhiteElo "2401"]
[BlackElo "2401"]
[PlyCount "73"]
[EventDate "2010.02.06"]

1. Nf3 d5 2. d4 Nf6 3. c4 dxc4 4. e3 e6 5. Bxc4 c5 6. O-O a6 7. Nc3 b5 8. Bb3
Bb7 9. e4 Be7 10. e5 Ne4 11. Nxe4 Bxe4 12. Qe2 Bf5 13. a4 c4 14. Bc2 Bxc2 15.
Qxc2 Nc6 16. Qe4 Rc8 17. Qg4 Kf8 18. axb5 axb5 19. Rd1 Nb4 20. Bg5 h6 21. Bxe7+
Qxe7 22. d5 h5 23. Qh3 Nd3 24. d6 Qd8 25. Rd2 Ra8 26. Rad1 Ra2 27. Qg3 h4 28.
Qg4 Rxb2 29. Rxb2 Nxb2 30. Ra1 Na4 31. Nd4 Qd7 32. Rb1 Nc3 33. Ra1 Na4 34. Qf3
g6 35. Rb1 Kg7 36. Rxb5 Nc5 37. Rxc5 1-0

[Event "First Saturday 2010 februar GM"]
[Site "?"]
[Date "2010.02.12"]
[Round "7"]
[White "Paschall, William M"]
[Black "Ilincic, Zlatko"]
[Result "1/2-1/2"]
[WhiteElo "2398"]
[BlackElo "2464"]
[PlyCount "30"]
[EventDate "2010.02.06"]

1. e4 e5 2. Nf3 Nf6 3. Nxe5 d6 4. Nf3 Nxe4 5. d4 d5 6. Bd3 Nf6 7. O-O Be7 8. h3
O-O 9. Bf4 Nbd7 10. Re1 Re8 11. Nc3 c6 12. Qd2 Nf8 13. Re2 Ne6 14. Bh2 g6 15.
Rae1 Bf8 1/2-1/2

[Event "First Saturday 2010 februar GM"]
[Site "?"]
[Date "2010.02.12"]
[Round "7"]
[White "Boros, Denes"]
[Black "Sharma, Dinesh K"]
[Result "1/2-1/2"]
[WhiteElo "2494"]
[BlackElo "2344"]
[PlyCount "84"]
[EventDate "2010.02.06"]

1. e4 c5 2. Nf3 d6 3. d4 cxd4 4. Nxd4 Nf6 5. Nc3 a6 6. f4 e5 7. Nf3 Nbd7 8. a4
Qc7 9. Bd3 Be7 10. O-O exf4 11. Kh1 Ne5 12. Bxf4 O-O 13. Bg5 Be6 14. Nxe5 dxe5
15. Bxf6 Bxf6 16. Rxf6 gxf6 17. Nd5 Bxd5 18. Qg4+ Kh8 19. exd5 Rg8 20. Qh4 Rg7
21. Qxf6 Rd8 22. Be4 Rd6 23. Qxe5 f6 24. Qf4 a5 25. c4 Rb6 26. Qxc7 Rxc7 27.
Rc1 Re7 28. Bf5 Re2 29. c5 Rbxb2 30. c6 Rxg2 31. Be4 Rxh2+ 32. Kg1 bxc6 33.
dxc6 Rh4 34. Bf3 Rh3 35. Bd5 Rh5 36. Be4 Rh4 37. Bf3 Rh3 38. Be4 Rh4 39. Bd3
Rh3 40. Ba6 Rg3+ 41. Kf1 Rh3 42. Kg1 Rg3+ 1/2-1/2

[Event "First Saturday 2010 februar GM"]
[Site "?"]
[Date "2010.02.12"]
[Round "7"]
[White "Sahu, Sekhar Chandra"]
[Black "Padmini, Rout"]
[Result "1/2-1/2"]
[WhiteElo "2258"]
[BlackElo "2294"]
[PlyCount "31"]
[EventDate "2010.02.06"]

1. e4 c5 2. Nf3 d6 3. d4 cxd4 4. Nxd4 Nf6 5. Nc3 a6 6. Bg5 e6 7. f4 Nbd7 8. Qf3
Qc7 9. O-O-O Be7 10. Bd3 b5 11. a3 Bb7 12. Rhe1 O-O-O 13. Kb1 Kb8 14. Bxf6 Nxf6
15. g4 h6 16. Qe2 1/2-1/2

[Event "First Saturday 2010 februar GM"]
[Site "?"]
[Date "2010.02.12"]
[Round "7"]
[White "Yu, Lie"]
[Black "Pap, Gyula"]
[Result "1-0"]
[WhiteElo "2359"]
[BlackElo "2478"]
[PlyCount "67"]
[EventDate "2010.02.06"]

1. e4 e6 2. d4 d5 3. Nc3 Nf6 4. e5 Nfd7 5. f4 c5 6. Nf3 Nc6 7. Be3 cxd4 8. Nxd4
Bc5 9. Qd2 O-O 10. O-O-O a6 11. Qf2 Qe7 12. Kb1 Nxd4 13. Bxd4 b5 14. Bd3 Bxd4
15. Qxd4 Qc5 16. Ne2 b4 17. Rc1 a5 18. c3 Ba6 19. Bxa6 Rxa6 20. Qxc5 Nxc5 21.
cxb4 Nd3 22. Rc3 Nf2 23. b5 Rb6 24. Rhc1 Ne4 25. Nd4 Nxc3+ 26. Rxc3 a4 27. Ra3
f6 28. Rxa4 fxe5 29. fxe5 Rf4 30. Kc2 Rb8 31. Kb3 Re4 32. Kc3 Rxe5 33. Nc6 Rc8
34. Kd3 1-0

[Event "First Saturday 2010 februar GM"]
[Site "?"]
[Date "2010.02.13"]
[Round "8"]
[White "Padmini, Rout"]
[Black "Yu, Lie"]
[Result "0-1"]
[WhiteElo "2294"]
[BlackElo "2359"]
[PlyCount "102"]
[EventDate "2010.02.06"]

1. e4 c5 2. Nf3 Nc6 3. d4 cxd4 4. Nxd4 Nf6 5. Nc3 e5 6. Ndb5 d6 7. Bg5 a6 8.
Na3 b5 9. Bxf6 gxf6 10. Nd5 f5 11. Bd3 Be6 12. O-O Bxd5 13. exd5 Ne7 14. c4 Bg7
15. Qd2 bxc4 16. Nxc4 O-O 17. Rac1 Rb8 18. b4 e4 19. Be2 Rb5 20. Ne3 f4 21.
Bxb5 fxe3 22. Qxe3 axb5 23. Qxe4 Ng6 24. f4 Qf6 25. Kh1 Ra8 26. Qe2 Qb2 27.
Qxb2 Bxb2 28. Rc6 Rxa2 29. Rxd6 Nxf4 30. g3 Nd3 31. Rd8+ Kg7 32. d6 Bf6 33. Rb8
Nf2+ 34. Kg1 Bd4 35. Kg2 Ne4+ 36. Kh3 Nxd6 37. Rd1 Be5 38. Rd5 f6 39. Rb6 Nf7
40. Kg4 Rf2 41. h4 Nh6+ 42. Kh3 Rf3 43. Kg2 Rxg3+ 44. Kf1 Nf5 45. Rd7+ Kg6 46.
h5+ Kxh5 47. Rxh7+ Kg4 48. Ke2 Nd4+ 49. Kd1 Kf3 50. Ra6 Ke4 51. Rd7 Rd3+ 0-1

[Event "First Saturday 2010 februar GM"]
[Site "?"]
[Date "2010.02.13"]
[Round "8"]
[White "Varga, Zoltan"]
[Black "Sahu, Sekhar Chandra"]
[Result "1-0"]
[WhiteElo "2485"]
[BlackElo "2258"]
[PlyCount "83"]
[EventDate "2010.02.06"]

1. e4 e6 2. d4 d5 3. Nc3 dxe4 4. Nxe4 Bd7 5. Nf3 Bc6 6. Bd3 Nd7 7. O-O Be7 8.
Ne5 Nxe5 9. dxe5 Bxe4 10. Bxe4 Qxd1 11. Rxd1 c6 12. Be3 f6 13. f4 Nh6 14. exf6
Bxf6 15. Rd6 O-O 16. Rxe6 Ng4 17. Bc5 Rfd8 18. c3 Kf7 19. f5 Rd2 20. h3 Ne5 21.
Re1 Nd7 22. Rd6 Rxd6 23. Bxd6 Re8 24. Bg3 Bg5 25. Kf2 Bd2 26. Re2 Bc1 27. b3
Kf6 28. Bc2 Ne5 29. Kf1 Bb2 30. Re3 Bc1 31. Re2 c5 32. Bh4+ Kf7 33. Be4 b6 34.
Bd5+ Kf8 35. Bg3 Nf7 36. Rxe8+ Kxe8 37. Bb8 Nh6 38. g4 Kd7 39. Ke2 Bg5 40. Kd3
g6 41. fxg6 hxg6 42. Be4 1-0

[Event "First Saturday 2010 februar GM"]
[Site "?"]
[Date "2010.02.13"]
[Round "8"]
[White "Sharma, Dinesh K"]
[Black "Farago, Ivan"]
[Result "0-1"]
[WhiteElo "2344"]
[BlackElo "2512"]
[PlyCount "62"]
[EventDate "2010.02.06"]

1. e4 c5 2. Nf3 e6 3. d4 cxd4 4. Nxd4 Nf6 5. Nc3 Nc6 6. Ndb5 Bc5 7. Nd6+ Ke7 8.
Nxc8+ Rxc8 9. Be2 Re8 10. O-O Kf8 11. Bg5 a6 12. Kh1 Be7 13. f4 d5 14. e5 Ne4
15. Bxe7+ Rxe7 16. Bd3 Nxc3 17. bxc3 g6 18. Rf3 Rec7 19. Rh3 Kg8 20. Qd2 Ne7
21. Qf2 h5 22. Rg1 Rxc3 23. g4 hxg4 24. Rxg4 Nf5 25. Qg1 Kg7 26. Rg5 d4 27. Qg4
Qd5+ 28. Kg1 Rxd3 29. Rxd3 Rxc2 30. Qd1 Qc6 31. Qf3 Qc4 0-1

[Event "First Saturday 2010 februar GM"]
[Site "?"]
[Date "2010.02.13"]
[Round "8"]
[White "Ilincic, Zlatko"]
[Black "Boros, Denes"]
[Result "1/2-1/2"]
[WhiteElo "2464"]
[BlackElo "2494"]
[PlyCount "47"]
[EventDate "2010.02.06"]

1. d4 d5 2. c4 c6 3. Nf3 Nf6 4. e3 Bg4 5. h3 Bh5 6. cxd5 cxd5 7. Bb5+ Nbd7 8.
g4 Bg6 9. Nc3 a6 10. Bxd7+ Qxd7 11. Ne5 Qc8 12. h4 h6 13. Nxg6 fxg6 14. f3 Qc7
15. Kf2 e6 16. Qd3 Qf7 17. Kg2 Bd6 18. Bd2 h5 19. g5 Nd7 20. Be1 O-O 21. Rf1
Rac8 22. Ne2 Qf5 23. Qxf5 gxf5 24. Bc3 1/2-1/2

[Event "First Saturday 2010 februar GM"]
[Site "?"]
[Date "2010.02.13"]
[Round "8"]
[White "Quinn, Mark"]
[Black "Paschall, William M"]
[Result "1/2-1/2"]
[WhiteElo "2401"]
[BlackElo "2398"]
[PlyCount "23"]
[EventDate "2010.02.06"]

1. c4 c5 2. Nc3 Nc6 3. g3 g6 4. Bg2 Bg7 5. e3 Bxc3 6. bxc3 f5 7. d3 Nf6 8. f4
Qc7 9. Nf3 b6 10. Ne5 Bb7 11. Nxc6 Bxc6 12. O-O 1/2-1/2

 c5 2. Nc3 Nc6 3. g3
g6 4. Bg2 Bg7 5. d3 1/2-1/2

[Event "First Saturday 2010 februar GM"]
[Site "?"]
[Date "2010.02.13"]
[Round "8"]
[White "Rapport, Richard"]
[Black "Platzgummer, Fabian"]
[Result "1-0"]
[WhiteElo "2444"]
[BlackElo "2401"]
[PlyCount "89"]
[EventDate "2010.02.06"]

1. d4 d5 2. c4 c6 3. Nf3 Nf6 4. Qc2 dxc4 5. Qxc4 Bf5 6. g3 Nbd7 7. Bg2 e6 8.
O-O Be7 9. e3 O-O 10. Qe2 c5 11. Nc3 Ne4 12. Rd1 Nxc3 13. bxc3 Be4 14. Bb2 Qa5
15. Ne5 Bxg2 16. Nxd7 Rfd8 17. Ne5 Be4 18. Qg4 Bc2 19. Rdc1 cxd4 20. Rxc2 Qxe5
21. cxd4 Qg5 22. Qxg5 Bxg5 23. Rc7 Rdb8 24. Rd1 Bd8 25. Rd7 b5 26. d5 exd5 27.
R1xd5 b4 28. Be5 Rc8 29. Rb5 Bb6 30. Rxb4 Rc1+ 31. Kg2 Rc2 32. Rb2 Rac8 33. Rd2
R2c4 34. Kf3 h5 35. Bd4 Bxd4 36. Rxd4 R4c6 37. Rb7 Ra6 38. a4 Ra5 39. e4 Rc3+
40. Kg2 Rc6 41. Rd8+ Kh7 42. Rxf7 Rxa4 43. Rdd7 Rg6 44. Rf5 Kh6 45. Rdd5 1-0

[Event "First Saturday 2010 februar GM"]
[Site "?"]
[Date "2010.02.14"]
[Round "9"]
[White "Paschall, William M"]
[Black "Rapport, Richard"]
[Result "1-0"]
[WhiteElo "2398"]
[BlackElo "2444"]
[PlyCount "47"]
[EventDate "2010.02.06"]

1. Nf3 d5 2. e3 Nf6 3. c4 c6 4. Nc3 e6 5. Qc2 Bd6 6. b3 O-O 7. Bb2 e5 8. cxd5
cxd5 9. Nb5 Nc6 10. Nxd6 Qxd6 11. Bb5 d4 12. Bxc6 bxc6 13. exd4 Ba6 14. dxe5
Qe6 15. O-O-O Nd5 16. Ba3 Rfd8 17. Ng5 Qh6 18. Qf5 Bd3 19. Qxf7+ Kh8 20. h4 Bg6
21. h5 Qxg5 22. hxg6 h6 23. g3 c5 24. f4 1-0

[Event "First Saturday 2010 februar GM"]
[Site "?"]
[Date "2010.02.14"]
[Round "9"]
[White "Boros, Denes"]
[Black "Quinn, Mark"]
[Result "1-0"]
[WhiteElo "2494"]
[BlackElo "2401"]
[PlyCount "91"]
[EventDate "2010.02.06"]

1. e4 c5 2. Nf3 d6 3. d4 cxd4 4. Nxd4 Nf6 5. Nc3 g6 6. Be3 Bg7 7. f3 a6 8. Bc4
Nbd7 9. Qd2 h6 10. a4 Ne5 11. Be2 Qc7 12. b3 O-O 13. Nd5 Nxd5 14. exd5 Nd7 15.
a5 Kh7 16. O-O Nf6 17. c4 Bd7 18. Bd3 Rae8 19. Kh1 e5 20. dxe6 Bxe6 21. Rac1
Bd7 22. Bg1 Re5 23. b4 h5 24. Qc2 Bh6 25. Rcd1 Re7 26. Bf2 Bg7 27. Ne2 Rc8 28.
Bg3 Kg8 29. c5 Ree8 30. Qb1 Qc6 31. Bxd6 h4 32. Bc4 h3 33. Nd4 hxg2+ 34. Kxg2
Qxd6 35. Bxf7+ Kxf7 36. cxd6 Nh5 37. Qa2+ Kf8 38. f4 Re4 39. f5 gxf5 40. Nxf5
Nf4+ 41. Rxf4 Rxf4 42. Ne7 Rg4+ 43. Kh1 Rcc4 44. h3 Rge4 45. Rg1 Bxh3 46. Qf2+
1-0

[Event "First Saturday 2010 februar GM"]
[Site "?"]
[Date "2010.02.14"]
[Round "9"]
[White "Farago, Ivan"]
[Black "Ilincic, Zlatko"]
[Result "1/2-1/2"]
[WhiteElo "2512"]
[BlackElo "2464"]
[PlyCount "37"]
[EventDate "2010.02.06"]

1. Nf3 Nf6 2. c4 e6 3. d4 d5 4. Nc3 Be7 5. Bg5 O-O 6. e3 h6 7. Bh4 b6 8. Qb3
Bb7 9. Bxf6 Bxf6 10. cxd5 exd5 11. Rd1 c6 12. Bd3 Na6 13. O-O Nc7 14. e4 dxe4
15. Bxe4 Qd6 16. Bb1 Nd5 17. Nxd5 Qxd5 18. Qxd5 cxd5 19. Bd3 1/2-1/2

[Event "First Saturday 2010 februar GM"]
[Site "?"]
[Date "2010.02.14"]
[Round "9"]
[White "Sahu, Sekhar Chandra"]
[Black "Sharma, Dinesh K"]
[Result "0-1"]
[WhiteElo "2258"]
[BlackElo "2344"]
[PlyCount "78"]
[EventDate "2010.02.06"]

1. e4 c5 2. Ne2 d6 3. g3 Nf6 4. Bg2 g6 5. c3 Bg7 6. d4 cxd4 7. cxd4 O-O 8. Nbc3
Nc6 9. O-O Bg4 10. h3 Bd7 11. Kh2 e5 12. Be3 exd4 13. Nxd4 Ne5 14. Qe2 a6 15.
f4 Nc6 16. Rad1 Qe7 17. Rfe1 Rfe8 18. Qf1 Nxd4 19. Bxd4 Bc6 20. Bb6 Rac8 21.
Ba5 Nd7 22. Nd5 Bxd5 23. Rxd5 Rc2 24. Rd2 Rec8 25. Qe2 Rxd2 26. Qxd2 Nc5 27.
Bc3 Bxc3 28. Qxc3 Qe6 29. e5 Ne4 30. Qb4 d5 31. Qxb7 Rc2 32. Re3 Kg7 33. Ra3
Nc5 34. Qc7 d4 35. Qd6 d3 36. Rc3 Qxd6 37. exd6 Rxg2+ 38. Kxg2 d2 39. Rd3 Nxd3
0-1

[Event "First Saturday 2010 februar GM"]
[Site "?"]
[Date "2010.02.14"]
[Round "9"]
[White "Yu, Lie"]
[Black "Varga, Zoltan"]
[Result "0-1"]
[WhiteElo "2359"]
[BlackElo "2485"]
[PlyCount "106"]
[EventDate "2010.02.06"]

1. c4 Nf6 2. d4 c6 3. Nc3 d5 4. Nf3 dxc4 5. a4 Na6 6. Ne5 Ng4 7. Nxc4 e5 8.
Nxe5 Nxe5 9. dxe5 Qxd1+ 10. Kxd1 Be6 11. e4 O-O-O+ 12. Ke2 Bb4 13. Be3 Nc5 14.
Kf3 Nb3 15. Re1 Nd4+ 16. Kg3 Nc2 17. Re2 Nxe3 18. Rxe3 g5 19. h4 gxh4+ 20. Rxh4
Rd2 21. Re2 Bxc3 22. bxc3 Rd1 23. Rh1 Bc4 24. Kf3 Rhd8 25. g3 Kb8 26. Bg2 Bxe2+
27. Kxe2 Rxh1 28. Bxh1 a5 29. e6 fxe6 30. e5 Kc7 31. Be4 h6 32. Bd3 b5 33. axb5
cxb5 34. Bxb5 Rd5 35. Ba4 Rxe5+ 36. Kd3 Rg5 37. Kc4 Kb6 38. Bd7 Rc5+ 39. Kb3
Re5 40. f4 Re3 41. g4 Kc7 42. Be8 Re4 43. Bf7 e5 44. fxe5 Rxg4 45. c4 Rg5 46.
e6 Kd6 47. Kc3 h5 48. Kd4 Rg4+ 49. Kd3 h4 50. c5+ Ke7 51. c6 Rg1 52. Bh5 Rc1
53. Bf3 Kd6 0-1

[Event "First Saturday 2010 februar GM"]
[Site "?"]
[Date "2010.02.14"]
[Round "9"]
[White "Pap, Gyula"]
[Black "Padmini, Rout"]
[Result "1/2-1/2"]
[WhiteElo "2478"]
[BlackElo "2294"]
[PlyCount "180"]
[EventDate "2010.02.06"]

1. Nf3 d5 2. d4 Nf6 3. c4 c6 4. e3 g6 5. Nc3 Bg7 6. Be2 O-O 7. O-O e6 8. Qc2
Nbd7 9. Rd1 b6 10. e4 dxe4 11. Nxe4 Qc7 12. Nxf6+ Nxf6 13. Ne5 Bb7 14. Bf4 Qe7
15. Bf3 Rfc8 16. Rac1 Nh5 17. Bxh5 gxh5 18. Qe2 f6 19. Nd3 Rd8 20. Be3 h4 21.
Nf4 c5 22. d5 exd5 23. cxd5 Rd6 24. Qh5 Qe5 25. b4 Qxh5 26. Nxh5 Rxd5 27. Rxd5
Bxd5 28. bxc5 bxc5 29. Rxc5 Bxa2 30. Rc7 Bf7 31. Nxg7 Kxg7 32. Bxa7 Rd8 33. h3
Kg6 34. Rb7 Rd1+ 35. Kh2 Ra1 36. Bc5 Rc1 37. Be3 Rc4 38. Rb6 Bd5 39. Rd6 Be4
40. Rd8 Bc6 41. Bd4 f5 42. Rd6+ Kg5 43. Bf6+ Kh5 44. Bg7 Be4 45. f3 Bb7 46. Bd4
Bc6 47. Be3 f4 48. Bxf4 Rxf4 49. Rxc6 Kg5 50. Rc5+ Kg6 51. Rc6+ Kg5 52. Rc8 h5
53. Rg8+ Kh6 54. Kg1 Ra4 55. Re8 Kg5 56. Re5+ Kg6 57. Kf2 Ra2+ 58. Re2 Ra3 59.
Rb2 Kg5 60. Rb5+ Kg6 61. Re5 Ra2+ 62. Re2 Ra3 63. g3 hxg3+ 64. Kxg3 Kf5 65. Re4
Rc3 66. Ra4 Rc5 67. Ra6 Rc1 68. Ra5+ Kg6 69. Ra6+ Kf5 70. Kh4 Rc3 71. Kxh5 Rxf3
72. h4 Rh3 73. Ra4 Kf6 74. Kh6 Rg3 75. Rf4+ Ke7 76. h5 Rg1 77. Kh7 Rg2 78. h6
Rg1 79. Kh8 Rg2 80. h7 Rg1 81. Ra4 Kf7 82. Ra7+ Kf8 83. Ra8+ Kf7 84. Rg8 Ra1
85. Rg7+ Kf6 86. Rg2 Kf7 87. Rf2+ Kg6 88. Kg8 Ra8+ 89. Rf8 Rxf8+ 90. Kxf8 Kxh7
1/2-1/2

[Event "First Saturday 2010 februar GM"]
[Site "?"]
[Date "2010.02.15"]
[Round "10"]
[White "Varga, Zoltan"]
[Black "Pap, Gyula"]
[Result "1/2-1/2"]
[WhiteElo "2485"]
[BlackElo "2478"]
[PlyCount "46"]
[EventDate "2010.02.06"]

1. e4 g6 2. d4 Bg7 3. c4 c5 4. Nf3 d6 5. Be2 Nf6 6. Nc3 O-O 7. O-O Nc6 8. d5
Na5 9. h3 e5 10. dxe6 Bxe6 11. b3 Nxe4 12. Nxe4 Bxa1 13. Bg5 f6 14. Bh6 Be5 15.
Nxe5 dxe5 16. Bxf8 Qxf8 17. f4 Nc6 18. fxe5 f5 19. Ng5 Rd8 20. Qe1 Qe7 21. Nxe6
Qxe6 22. Bf3 Qxe5 23. Bxc6 Qd4+ 1/2-1/2

[Event "First Saturday 2010 februar GM"]
[Site "?"]
[Date "2010.02.15"]
[Round "10"]
[White "Sharma, Dinesh K"]
[Black "Yu, Lie"]
[Result "1/2-1/2"]
[WhiteElo "2344"]
[BlackElo "2359"]
[PlyCount "45"]
[EventDate "2010.02.06"]

1. e4 e6 2. d4 d5 3. Nc3 Nf6 4. e5 Nfd7 5. Qg4 c5 6. dxc5 Nc6 7. Nf3 h5 8. Qf4
Bxc5 9. Bd3 g5 10. Nxg5 Ndxe5 11. O-O f6 12. Nf3 Bd6 13. Nxe5 Nxe5 14. Qa4+ Bd7
15. Bb5 a6 16. Bxd7+ Qxd7 17. Qxd7+ Kxd7 18. Ne2 Rac8 19. c3 Rhg8 20. g3 Nf3+
21. Kg2 Nh4+ 22. Kh1 Nf3 23. Kg2 1/2-1/2

[Event "First Saturday 2010 februar GM"]
[Site "?"]
[Date "2010.02.15"]
[Round "10"]
[White "Ilincic, Zlatko"]
[Black "Sahu, Sekhar Chandra"]
[Result "1/2-1/2"]
[WhiteElo "2464"]
[BlackElo "2258"]
[PlyCount "98"]
[EventDate "2010.02.06"]

1. d4 Nf6 2. c4 c5 3. d5 e5 4. Nc3 d6 5. e4 Be7 6. Bd3 Na6 7. Nge2 Nc7 8. O-O
O-O 9. a3 Nh5 10. b4 b6 11. Bc2 Bg5 12. Ba4 Bxc1 13. Qxc1 f5 14. Bc6 Rb8 15. f4
exf4 16. Nxf4 Nxf4 17. Qxf4 g5 18. Qd2 f4 19. Rae1 Ne8 20. e5 dxe5 21. Rxe5 Nd6
22. Qe2 Qf6 23. Re1 Nf7 24. d6 Nxe5 25. Qxe5 Bg4 26. Nd5 Qxe5 27. Rxe5 h6 28.
h3 Bh5 29. h4 Kh7 30. hxg5 hxg5 31. Rxg5 Kh6 32. Re5 f3 33. d7 f2+ 34. Kf1 Bg6
35. Re3 Bf7 36. Rf3 Bh5 37. Rh3 Kg5 38. Nc3 Bg6 39. Rg3+ Kh6 40. Nd1 cxb4 41.
axb4 a5 42. Nxf2 axb4 43. Ke1 Rf4 44. Ng4+ Rxg4 45. Rxg4 b3 46. Rxg6+ Kxg6 47.
Kd2 Kf6 48. Kc3 Ke7 49. Kxb3 Kd6 1/2-1/2